000 00560nam a2200217Ia 4500
003 AR-RoIUNI
005 20241122062822.0
008 150616s9999 xx 000 0 und d
040 _cIUNIR
040 _dOCLC
_cIUNIR
080 _a617 CLI
245 1 _aClínicas Quirúrgicas de Norteamérica
_pRespuesta a las infecciones y lesiones. Segunda parte: metabolismo
250 _a1a. ed.
260 _aMexico
260 _bInteramericana
260 _c1976
300 _a997 - 1236 p.
300 _c23 cm.
650 1 0 _aCirugía
_978
942 _cBK
_2cdu
999 _c4415
_d4415